000 00981nam a2200265 a 4500
001 000014576
005 20260304094324.0
008 100115s2006 dr a 000 j spa d
020 _a9945404105
040 _aDO-SdBNP
_bspa
_cBNPHU
082 _aRD863.44
_bP379
100 1 _aPeix, Pedro
_d1952-2015
_925675
245 1 3 _aEl amor es el placer de la maldad :
_brelatos 1976- 2006 /
_cPedro Peix ; compilación Jimmy Hungría.
246 1 4 _aEl amor es el placer de la maldad
260 _aSanto Domingo :
_bDirección General de la Feria del Libro,
_c2006.
300 _a573 p. :
_bil. ;
_c23 cm.
490 1 _aEdiciones Ferilibro
_vv. 86
500 _aIncluye datos biográficos del autor en la solapa de la cubierta
590 _aInventariado, 2020/MAA
650 0 _aCuentos dominicanos
_9176
650 0 _aLiteratura dominicana.
_967
700 1 2 _aHungría, Jimmy,
_ecomp.
_933004
830 0 _aEdiciones Ferilibro
_v86
_9150
910 _aValidado. Control de calidad MMOLINA
999 _c14162
_d14162